Arpa 4 años: Educación Infantil, segundo ciclo
I tiakina i:
| Kaituhi matua: | |
|---|---|
| Ētahi atu kaituhi: | |
| Hōputu: | Pukapuka |
| Reo: | Pāniora |
| I whakaputaina: |
Madrid
Bruño
2002
|
| Ngā marau: | |
| Ngā Tūtohu: |
Tāpirihia he Tūtohu
Kāore He Tūtohu, Me noho koe te mea tuatahi ki te tūtohu i tēnei pūkete!
|
MARC
| LEADER | 00000nam a2200000 a 4500 | ||
|---|---|---|---|
| 001 | UCL9497 | ||
| 003 | CL-VaPUC | ||
| 008 | 040813e20020000SP |||||||||||||||||spa|d | ||
| 020 | |a 8421639986 | ||
| 082 | 0 | 4 | |a 370.152 |b GAM |2 21 |
| 100 | |a Gamazo Pérez, Dori |e author |9 487363 | ||
| 700 | |a Martínez Beltrán, José María |e autor |9 487515 | ||
| 245 | 1 | 0 | |a Arpa 4 años: Educación Infantil, segundo ciclo |
| 246 | 1 | 0 | |a Actividades para el Refuerzo del Potencial de Aprendizaje |
| 300 | |a pág. irreg | ||
| 942 | |c BK | ||
| 945 | |d 20040813 00:00:00 |a cmena | ||
| 260 | |a Madrid |b Bruño |c 2002 | ||
| 650 | 0 | |a Psicología educacional |9 307830 | |
| 650 | 0 | |a Desarrollo cognitivo |9 311398 | |
| 650 | 0 | |a Métodos de enseñanza |9 270413 | |
| 650 | 0 | |a Educación básica |9 224933 | |
| 650 | 0 | |a Lógica |9 256849 | |
| 650 | 7 | |a JUEGOS DIDACTICOS |2 CL-VaPUC |9 372975 | |
| 583 | |a last modification |c 20040813 00:00:00 |k Rodrigo Vera | ||
| 999 | |c 310263 |d 310261 | ||
| 952 | |0 0 |1 0 |2 ddc |4 0 |6 370_152000000000000_GAM_2002 |7 0 |8 A |9 378546 |a BIBEDU |b BIBEDU |d 2019-11-21 |i 4048083 |l 4 |o 370.152 GAM 2002 |p 4048083 |r 2025-04-16 |s 2025-04-16 |w 2019-11-21 |y BK |k EPE | ||